[Event "Elit(Eksjo-Team Viking)"]
[Site "?"]
[Date "2010.01.16"]
[Round "6"]
[White "Krantz, Christopher"]
[Black "Carlsson, Pontus"]
[Result "1/2-1/2"]
[WhiteElo "2293"]
[BlackElo "2566"]
[PlyCount "128"]

1. d4 Nf6 2. c4 e6 3. Nc3 Bb4 4. Nf3 b6 5. Bg5 Bb7 6. e3 h6 7. Bh4 g5 8. Bg3
Ne4 9. Qc2 Bxc3+ 10. bxc3 d6 11. Bd3 f5 12. d5 Nd7 13. Bxe4 fxe4 14. Qxe4 Qf6
15. O-O O-O-O 16. Rfd1 e5 17. Nd2 h5 18. f3 Nc5 19. Qc2 h4 20. Bf2 h3 21. Ne4
Nxe4 22. Qxe4 hxg2 23. Kxg2 Rdf8 24. Bg3 Kb8 25. c5 Bc8 26. cxd6 cxd6 27. Rd2
Bh3+ 28. Kf2 Rf7 29. a4 Rhf8 30. Ke2 Qxf3+ 31. Qxf3 Rxf3 32. Rdd1 Bg4 33. Kd2
Kc7 34. Rdb1 Bd7 35. c4 Rc8 36. a5 Kb7 37. Ke2 Bg4 38. Kd3 Bf5+ 39. Ke2 Rxg3
40. hxg3 Bxb1 41. a6+ Kb8 42. Rxb1 Rxc4 43. Rh1 b5 44. Rh7 Ra4 45. Rb7+ Ka8 46.
Rxb5 Rxa6 47. Kf3 Rb6 48. Ra5 Rb4 49. e4 Kb7 50. Ra1 Kb6 51. Rc1 a5 52. Rc6+
Kb5 53. Rxd6 a4 54. Rc6 a3 55. Rc1 a2 56. Ra1 Ra4 57. Kg4 Rxe4+ 58. Kxg5 Ra4
59. Kf6 Kc5 60. Kxe5 Ra8 61. g4 Re8+ 62. Kf6 Re2 63. g5 Rf2+ 64. Ke6 Re2+
1/2-1/2

[Event "Elit(Eksjo-Team Viking)"]
[Site "?"]
[Date "2010.01.16"]
[Round "6"]
[White "Volodin, Aleksandr"]
[Black "Akvist, Hakan"]
[Result "1-0"]
[WhiteElo "2438"]
[BlackElo "2056"]
[PlyCount "87"]

1. d4 Nf6 2. c4 e6 3. Nf3 Bb4+ 4. Nbd2 O-O 5. g3 d5 6. Bg2 Nbd7 7. O-O c6 8.
Qc2 Re8 9. b3 Bd6 10. Bb2 e5 11. cxd5 cxd5 12. dxe5 Nxe5 13. Rad1 Bg4 14. Bc3
Nc6 15. Rfe1 Rc8 16. Qb2 d4 17. Bxd4 Nxd4 18. Qxd4 Qe7 19. e3 Bb4 20. Rf1 Red8
21. Qf4 b5 22. e4 Bh5 23. Qg5 Bxd2 24. Rxd2 Qxe4 25. Nd4 Qe8 26. Nf5 Bg6 27.
Nd6 Qd7 28. Rfd1 h6 29. Qf4 Rc2 30. Ne4 Rxd2 31. Rxd2 Qe7 32. Nxf6+ gxf6 33.
Qe3 Re8 34. Qxe7 Rxe7 35. Bf1 a6 36. f3 Re1 37. Kf2 Ra1 38. Be2 Bb1 39. Rd1 Kf8
40. Ke3 Ke7 41. Rc1 Kd6 42. Bd3 Rxa2 43. Rxb1 Rxh2 44. Ra1 1-0

[Event "Elit(Eksjo-Team Viking)"]
[Site "?"]
[Date "2010.01.16"]
[Round "6"]
[White "Andersson, Johan"]
[Black "Sagit, Rauan"]
[Result "0-1"]
[WhiteElo "2090"]
[BlackElo "2447"]
[PlyCount "80"]

1. e4 c5 2. Nf3 d6 3. d4 cxd4 4. Qxd4 a6 5. Be3 Nc6 6. Qd2 Bg4 7. Nc3 Nf6 8.
O-O-O Rc8 9. Be2 Qa5 10. Kb1 e6 11. Nd4 Bxe2 12. Qxe2 Ne5 13. Nb3 Qc7 14. f4
Nc4 15. Bc1 b5 16. Rd3 b4 17. Nd1 Qc6 18. Nf2 h5 19. Nd2 Nb6 20. Nf3 Be7 21. e5
dxe5 22. Nxe5 Qb7 23. f5 exf5 24. Re1 O-O 25. Rf3 Nbd5 26. Qd3 g6 27. Rg3 Rc3
28. Qd2 f4 29. Nxg6 fxg6 30. Rxg6+ Kf7 31. Rg5 Ne3 32. Nd3 Rxc2 33. Ne5+ Ke6
34. Qd3 Rxg2 35. Bxe3 Rxg5 36. Bxf4 Rxe5 37. Rxe5+ Kf7 38. Qc4+ Ke8 39. Qe2 Ng4
40. Re6 Rxf4 0-1

[Event "Elit(Eksjo-Team Viking)"]
[Site "?"]
[Date "2010.01.15"]
[Round "6"]
[White "Cramling, Dan"]
[Black "Karlsson, Roger"]
[Result "1-0"]
[WhiteElo "2419"]
[BlackElo "1945"]
[PlyCount "57"]
[SourceDate "2010.01.18"]

1. d4 d5 2. Nf3 Nf6 3. c4 e6 4. Nc3 c6 5. Bg5 Nbd7 6. cxd5 exd5 7. e3 Qa5 8.
Bd3 Ne4 9. O-O Ndf6 10. Qc2 Nxg5 11. Nxg5 h6 12. Nf3 Bd6 13. Ne5 O-O 14. f4 Re8
15. h3 Bb4 16. Ne2 Ne4 17. Bxe4 dxe4 18. f5 Rxe5 19. dxe5 Qxe5 20. Nd4 Bd6 21.
Rf4 Qd5 22. Rxe4 Bd7 23. Rd1 Bf8 24. Nf3 Bxf5 25. Rxd5 cxd5 26. Re8 Bxc2 27.
Rxa8 f6 28. Nd4 Bd3 29. Ne6 1-0

[Event "Elit(Eksjo-Team Viking)"]
[Site "?"]
[Date "2010.01.16"]
[Round "6"]
[White "Al-Saadi, Ali Ghazi"]
[Black "Lindberg, Bo"]
[Result "0-1"]
[WhiteElo "2055"]
[BlackElo "2431"]
[PlyCount "102"]
[EventDate "2010.??.??"]

1. e4 Nc6 2. Nf3 e5 3. Bb5 a6 4. Bxc6 dxc6 5. Nc3 Qf6 6. d4 exd4 7. Qxd4 Qxd4
8. Nxd4 Bd7 9. Bf4 O-O-O 10. O-O-O Ne7 11. Bg3 h5 12. h4 Ng6 13. f3 Be7 14.
Nde2 Bf6 15. Rd2 Be6 16. Rxd8+ Rxd8 17. Bf2 b5 18. b3 Be7 19. Nb1 c5 20. Bg3 c4
21. Nf4 Nxf4 22. Bxf4 c5 23. Nd2 c3 24. Nf1 c4 25. Ng3 g6 26. Ne2 b4 27. g3 Bc5
28. Rd1 Bh3 29. Rxd8+ Kxd8 30. Bg5+ Kd7 31. Nf4 Bf1 32. Kd1 Bd4 33. Ke1 cxb3
34. axb3 Bb5 35. Nd5 a5 36. Be3 Be5 37. f4 Bd6 38. Bb6 a4 39. bxa4 Bxa4 40. Ba5
Bxc2 41. e5 Bc5 42. Bxb4 Bxb4 43. Nxb4 Be4 44. Na2 c2 45. Kd2 Ke6 46. Ke3 Kf5
47. Nc1 Bc6 48. Kd3 Kg4 49. Kxc2 Kxg3 50. Ne2+ Kxh4 51. Kd2 Kg4 0-1

[Event "Elit(Limhamn-LASK)"]
[Site "?"]
[Date "2010.01.16"]
[Round "6"]
[White "Semcesen, Daniel"]
[Black "Ahlander, Bjorn"]
[Result "1/2-1/2"]
[WhiteElo "2489"]
[BlackElo "2520"]
[PlyCount "125"]
[SourceDate "2010.01.20"]

1. c4 e6 2. Nc3 d5 3. d4 Nf6 4. cxd5 exd5 5. Bg5 c6 6. e3 Be7 7. Bd3 O-O 8. Nf3
Nbd7 9. O-O Re8 10. Qc2 Nf8 11. h3 Be6 12. Rab1 Nh5 13. Bxe7 Rxe7 14. b4 a6 15.
a4 Rc8 16. Rfc1 g6 17. b5 axb5 18. axb5 Ng7 19. bxc6 bxc6 20. Na4 Nd7 21. Rb3
Bf5 22. Bxf5 Nxf5 23. Rc3 Re6 24. Nc5 Nxc5 25. Rxc5 Ne7 26. Ne5 f6 27. Nd3 Rb8
28. Ra1 Rd6 29. Rca5 Qe8 30. Nc5 Rdd8 31. Ra7 Ra8 32. Qa4 Rxa7 33. Qxa7 Nf5 34.
Qc7 Rc8 35. Qf4 Qe7 36. Rb1 Qc7 37. Qf3 Rb8 38. Ra1 Qe7 39. Qf4 Rc8 40. Ra6 Kf7
41. g4 Nd6 42. Kg2 Kg7 43. Rb6 Kg8 44. Qf3 Kg7 45. Qf4 Kg8 46. Ra6 Kg7 47. Qf3
Kh8 48. Ra2 Kg7 49. Rb2 Kg8 50. Qf4 Kg7 51. Rb1 Kg8 52. h4 Kg7 53. g5 h6 54.
gxh6+ Kh7 55. Kf3 Rg8 56. Rb6 Rc8 57. Rb1 Ra8 58. Rb2 Ra7 59. Rb6 Rc7 60. Rb8
Ra7 61. Rb6 Rc7 62. Rb8 Ra7 63. Rb6 1/2-1/2

[Event "Elit(Limhamn-LASK)"]
[Site "?"]
[Date "2010.01.16"]
[Round "6"]
[White "Hector, Jonny"]
[Black "Smith, Axel"]
[Result "1-0"]
[WhiteElo "2641"]
[BlackElo "2516"]
[PlyCount "81"]

1. e4 e5 2. Nf3 Nc6 3. Bc4 Nf6 4. d4 exd4 5. e5 Ng4 6. Qe2 Qe7 7. Bf4 b5 8. Bd3
f6 9. exf6 Nxf6 10. Bxc7 Qxe2+ 11. Kxe2 Nd5 12. Bg3 Ndb4 13. c3 Nxd3 14. Kxd3
Bb7 15. Re1+ Kf7 16. cxd4 Nb4+ 17. Kd2 Bxf3 18. gxf3 Nc6 19. Re4 d5 20. Rf4+
Kg8 21. Nc3 g6 22. Rf6 Nxd4 23. Be5 Nf5 24. Nxb5 Re8 25. f4 Nh4 26. Nd4 h5 27.
Rc1 Rh7 28. Kd3 Rb7 29. Rfc6 Rxb2 30. Rc8 Rxc8 31. Rxc8 Kf7 32. Rc7+ Kg8 33.
Nf5 Nxf5 34. Bxb2 Bd6 35. Rc8+ Kf7 36. Be5 Bxe5 37. fxe5 g5 38. Rc6 Nh4 39.
Rf6+ Ke7 40. Kd4 g4 41. Kxd5 1-0

[Event "Elit(Limhamn-LASK)"]
[Site "?"]
[Date "2010.01.16"]
[Round "6"]
[White "Tikkanen, Hans"]
[Black "Brynell, Stellan"]
[Result "1-0"]
[WhiteElo "2504"]
[BlackElo "2565"]
[PlyCount "91"]

1. d4 e6 2. c4 d5 3. Nc3 c5 4. cxd5 exd5 5. Nf3 Nc6 6. g3 Nf6 7. Bg2 Be7 8. O-O
O-O 9. Bg5 cxd4 10. Nxd4 h6 11. Be3 Bg4 12. Qa4 Na5 13. Rad1 Nc4 14. Bc1 Nb6
15. Qc2 Qd7 16. f3 Bh5 17. f4 Rac8 18. f5 Bd6 19. Qd3 Ng4 20. h3 Ne5 21. Qe3
Rfe8 22. Qf2 f6 23. Nxd5 Bf7 24. Ne6 Nxd5 25. Bxd5 Qb5 26. Be3 b6 27. Bb3 Bc5
28. Bxc5 bxc5 29. Rd5 Qb4 30. Rxc5 Qd2 31. e4 Qd3 32. Bd5 Qa6 33. Qc2 Nd3 34.
Rc6 Rxc6 35. Qxc6 Qxc6 36. Bxc6 Rc8 37. Bd7 Rc2 38. Rd1 Ne5 39. Nd4 Rxb2 40.
Be6 Bxe6 41. fxe6 Rxa2 42. Rc1 Ng6 43. Nf5 Rd2 44. Rc8+ Kh7 45. e7 Ne5 46. Rc3
1-0

[Event "Elit(Limhamn-LASK)"]
[Site "?"]
[Date "2010.01.16"]
[Round "6"]
[White "Jepson, Christian"]
[Black "Nilsson, Sebastian"]
[Result "1-0"]
[WhiteElo "2463"]
[BlackElo "2381"]
[PlyCount "67"]

1. d4 Nf6 2. c4 g6 3. Nc3 Bg7 4. e4 d6 5. f4 O-O 6. Nf3 c5 7. d5 e6 8. Be2 exd5
9. cxd5 Bg4 10. O-O Bxf3 11. Bxf3 Nbd7 12. g4 Rc8 13. Be3 a6 14. a4 c4 15. g5
Ne8 16. Bg4 Rc7 17. Qc2 Nc5 18. Rad1 Qb8 19. Bxc5 Rxc5 20. e5 dxe5 21. Ne4 Rc8
22. Bxc8 Qxc8 23. f5 gxf5 24. Rxf5 b5 25. Qf2 Nc7 26. Kh1 Rd8 27. Nf6+ Kh8 28.
Rxe5 Qh3 29. Re7 Ne6 30. Re1 Bf8 31. Re3 Qxe3 32. Qxe3 Bxe7 33. dxe6 Rd1+ 34.
Kg2 1-0

[Event "Elit(Limhamn-LASK)"]
[Site "?"]
[Date "2010.01.16"]
[Round "6"]
[White "Lund, Silas"]
[Black "Penalver, Osmani"]
[Result "0-1"]
[WhiteElo "2469"]
[BlackElo "2312"]
[PlyCount "66"]

1. d4 Nf6 2. c4 e6 3. Nc3 Bb4 4. e3 c5 5. Bd3 O-O 6. Nf3 b6 7. O-O Bb7 8. Na4
cxd4 9. exd4 d5 10. c5 bxc5 11. a3 c4 12. Bxh7+ Nxh7 13. axb4 Bc6 14. Nc5 Qb6
15. Bd2 Bb5 16. Re1 Rd8 17. Ne5 Be8 18. Qf3 Nc6 19. Ra6 Nxe5 20. Rxe5 Qb8 21.
Qh3 Nf8 22. Rh5 Ng6 23. g3 Qb5 24. Rh7 c3 25. bxc3 Qe2 26. Rxg7+ Kxg7 27. Qh6+
Kg8 28. Bg5 Qd1+ 29. Kg2 Bb5 30. h4 Qf1+ 31. Kf3 Qh1+ 32. Ke3 Qe1+ 33. Kf3 Be2+
0-1

[Event "Elit(Limhamn-LASK)"]
[Site "?"]
[Date "2010.01.16"]
[Round "6"]
[White "Holst, Conny"]
[Black "Olsson, Linus"]
[Result "1/2-1/2"]
[WhiteElo "2272"]
[BlackElo "2351"]
[PlyCount "38"]

1. d4 d5 2. Nf3 Nc6 3. Bf4 Bg4 4. e3 e6 5. c4 Bb4+ 6. Nc3 Nge7 7. h3 Bh5 8. Rc1
O-O 9. Be2 Bxf3 10. gxf3 Ng6 11. Bg3 dxc4 12. Bxc4 e5 13. dxe5 Ngxe5 14. Qxd8
Raxd8 15. Be2 Ba5 16. a3 Nd3+ 17. Bxd3 Rxd3 18. Ke2 Rfd8 19. Rhd1 Rxd1 1/2-1/2

[Event "Elit(Limhamn-LASK)"]
[Site "?"]
[Date "2010.01.16"]
[Round "6"]
[White "Gajic, Mladen"]
[Black "Eklund, Joel"]
[Result "1/2-1/2"]
[WhiteElo "2337"]
[BlackElo "2273"]
[PlyCount "81"]

1. e4 c5 2. c3 Nf6 3. e5 Nd5 4. Bc4 Nb6 5. Bb3 d6 6. Nf3 e6 7. O-O Nc6 8. exd6
Bxd6 9. d4 O-O 10. a4 cxd4 11. Nxd4 Nxd4 12. Qxd4 Qc7 13. Qh4 Bd7 14. Na3 a6
15. a5 Nd5 16. Nc4 Be7 17. Qe4 Bb5 18. Rd1 Rad8 19. Bd2 Bc5 20. Bg5 Be7 21.
Bxe7 Qxe7 22. Ne5 Nf6 23. Qe3 Nd7 24. c4 Nxe5 25. cxb5 Qb4 26. bxa6 bxa6 27.
Qxe5 Qxb3 28. Qe2 g6 29. h3 Rxd1+ 30. Rxd1 Rb8 31. Rd6 Qb5 32. Qxb5 Rxb5 33.
Rxa6 Rxb2 34. g4 h6 35. Kg2 Rb3 36. Rb6 Ra3 37. a6 g5 38. f3 Kg7 39. Kf2 Kg6
40. Ke2 h5 41. gxh5+ 1/2-1/2

[Event "Elit(Limhamn-LASK)"]
[Site "?"]
[Date "2010.01.16"]
[Round "6"]
[White "Tadjerbashi, Amir"]
[Black "Dragicevic, Drazen"]
[Result "1/2-1/2"]
[WhiteElo "2246"]
[BlackElo "2337"]
[PlyCount "60"]

1. e4 c5 2. Nf3 Nc6 3. d4 cxd4 4. Nxd4 Nf6 5. Nc3 e5 6. Ndb5 d6 7. Bg5 a6 8.
Na3 b5 9. Bxf6 gxf6 10. Nd5 Bg7 11. Bd3 Ne7 12. Nxe7 Qxe7 13. O-O O-O 14. c4 f5
15. Qf3 bxc4 16. Nxc4 d5 17. exd5 e4 18. Qe3 Bb7 19. d6 Qf6 20. Bc2 f4 21. Qh3
Rac8 22. b3 Rc5 23. Rad1 Qg6 24. d7 Bf6 25. Rd6 Kg7 26. d8=Q Rxd8 27. Rxd8 Bxd8
28. Qd7 Rg5 29. Qxb7 Rxg2+ 30. Kh1 Rxh2+ 1/2-1/2

[Event "Elit(Manhem-Kamraterna)"]
[Site "?"]
[Date "2010.01.16"]
[Round "6"]
[White "Nithander, Victor"]
[Black "Svensson, Bengt"]
[Result "1/2-1/2"]
[WhiteElo "2489"]
[BlackElo "2468"]
[PlyCount "116"]

1. e4 c5 2. Nf3 d6 3. d4 cxd4 4. Nxd4 Nf6 5. f3 e6 6. c4 Nc6 7. Nc3 Qb6 8. Nc2
Be7 9. Rb1 O-O 10. Be3 Qc7 11. Be2 a6 12. O-O Ne5 13. Qd4 Ned7 14. Bf2 b6 15.
Ne3 Bb7 16. Rfc1 Rac8 17. b4 Ba8 18. Qd2 Qb8 19. a4 Bb7 20. Bf1 Bd8 21. g3 Ne5
22. Qe2 Re8 23. f4 Ned7 24. Bg2 Qa8 25. Nf1 a5 26. bxa5 Qxa5 27. Nd2 Nc5 28.
Nb3 Nxb3 29. Rxb3 Nd7 30. Nb5 Be7 31. Rd3 Nc5 32. Bxc5 dxc5 33. Rd7 Bc6 34. Ra7
Qb4 35. Rd1 Bxb5 36. axb5 Ra8 37. Rb7 Rab8 38. Rxb8 Rxb8 39. Rd7 Kf8 40. e5 Rd8
41. Rxd8+ Bxd8 42. Qd3 Qe1+ 43. Bf1 Ke7 44. Qxh7 Qe3+ 45. Kg2 g5 46. Qh5 gxf4
47. Qg5+ Ke8 48. Qxf4 Bg5 49. Qxe3 Bxe3 50. Kf3 Bd4 51. Kf4 Bc3 52. Bg2 Kf8 53.
Bc6 Kg7 54. g4 Bd2+ 55. Kf3 Bc3 56. Ke4 Bd2 57. h4 Be1 58. h5 Bd2 1/2-1/2

[Event "Elit(Manhem-Kamraterna)"]
[Site "?"]
[Date "2010.01.16"]
[Round "6"]
[White "Hamark, Jesper"]
[Black "Andersson, Bjorn"]
[Result "0-1"]
[WhiteElo "2394"]
[BlackElo "2331"]
[PlyCount "135"]

1. c4 Nf6 2. Nc3 g6 3. d4 Bg7 4. e4 d6 5. Nf3 O-O 6. h3 e5 7. d5 Na6 8. Bg5 Qe8
9. g4 Nc5 10. Nd2 a5 11. Qf3 Nfd7 12. Rg1 Kh8 13. O-O-O f5 14. gxf5 Qf7 15. Be3
gxf5 16. exf5 Qxf5 17. Qxf5 Rxf5 18. Nb5 Na6 19. Bd3 Rf7 20. Rg3 Ndc5 21. Bb1
Bf5 22. Bxf5 Rxf5 23. Bxc5 dxc5 24. Ne4 Rf4 25. Rg4 Raf8 26. Rdg1 Bh6 27. Kb1
b6 28. a3 Rxg4 29. Rxg4 Rf4 30. Kc2 Rxg4 31. hxg4 Kg8 32. Kd3 Kf7 33. b3 Bc1
34. f3 Bf4 35. Nf2 Bg3 36. Nd1 Nb8 37. Ke4 Nd7 38. Nxc7 Nf6+ 39. Kf5 e4 40.
fxe4 Bxc7 41. g5 Nd7 42. Nc3 Ke7 43. Nb5 Bb8 44. Nc3 Ne5 45. Na4 Nf7 46. Kg4
Bc7 47. Kh5 Ne5 48. Kh6 Nf3 49. e5 Bxe5 50. Nxb6 Bf4 51. Kxh7 Bxg5 52. Kg6 Bc1
53. Nc8+ Kd7 54. Na7 Bxa3 55. Nc6 Bb4 56. Kf7 Bc3 57. Kf8 Nd2 58. Nb8+ Kd6 59.
Ke8 Nxb3 60. Nd7 a4 61. Nb6 a3 62. Nc8+ Ke5 63. d6 Ba5 64. d7 a2 65. Ne7 a1=Q
66. Nc6+ Kd6 67. d8=Q+ Bxd8 68. Nxd8 0-1

[Event "Elit(Manhem-Kamraterna)"]
[Site "?"]
[Date "2010.01.16"]
[Round "6"]
[White "Carlhammar, Magnus"]
[Black "Svenn, Gosta"]
[Result "1-0"]
[WhiteElo "2328"]
[BlackElo "2380"]
[PlyCount "119"]

1. Nf3 Nf6 2. g3 b6 3. Bg2 Bb7 4. O-O e6 5. c4 Be7 6. Nc3 O-O 7. Re1 d5 8. cxd5
exd5 9. d4 Nbd7 10. Bf4 Ne4 11. Qb3 Ndf6 12. Ne5 Nxc3 13. bxc3 Bd6 14. Bg5 Be7
15. c4 dxc4 16. Qxc4 Bxg2 17. Kxg2 b5 18. Qd3 h6 19. Bxf6 Bxf6 20. Nc6 Qd5+ 21.
Qf3 Qc4 22. Rec1 Qa4 23. Qb3 Qxb3 24. axb3 a5 25. e4 Rfe8 26. e5 Be7 27. Rxa5
Rxa5 28. Nxa5 Ra8 29. Nc6 Bf8 30. d5 Ra2 31. Rd1 Rc2 32. Nd4 Rc5 33. Nf3 Be7
34. b4 Rc4 35. d6 cxd6 36. exd6 Bd8 37. Rd4 Rc2 38. Re4 Kf8 39. d7 Be7 40. Re5
Rc7 41. Rxb5 Rxd7 42. Rb8+ Rd8 43. Rxd8+ Bxd8 44. Ne5 Bc7 45. Nc4 Ke7 46. Kf3
f5 47. Ke3 g5 48. Kd4 h5 49. Kd5 f4 50. Kc6 fxg3 51. fxg3 Bd8 52. h3 Ke6 53. g4
hxg4 54. hxg4 Bf6 55. b5 Bd4 56. b6 Bxb6 57. Nxb6 Ke5 58. Nd5 Ke6 59. Ne3 Ke5
60. Nf5 1-0

[Event "Elit(Manhem-Kamraterna)"]
[Site "?"]
[Date "2010.01.16"]
[Round "6"]
[White "Andreasson, Ingvar"]
[Black "Welin, Mats"]
[Result "0-1"]
[WhiteElo "2434"]
[BlackElo "2357"]
[PlyCount "90"]

1. b3 e5 2. Bb2 Nc6 3. c4 Nf6 4. e3 Bd6 5. d3 O-O 6. Nd2 Re8 7. Ngf3 Bf8 8. a3
d5 9. cxd5 Nxd5 10. Rc1 Bd6 11. Be2 Kh8 12. Nc4 f5 13. b4 a6 14. h4 Qe7 15. h5
Kg8 16. Kf1 Rf8 17. Kg1 Bd7 18. Qb3 Be6 19. Qc2 Bf7 20. Ba1 Rae8 21. Qb2 h6 22.
Bd1 Nf6 23. Nh4 Qd7 24. Bb3 Kh7 25. Ng6 Bxg6 26. hxg6+ Kxg6 27. Ba2 Kh7 28. b5
axb5 29. Qxb5 Rb8 30. Bb1 Rfc8 31. a4 Qe6 32. d4 e4 33. Ba2 Nb4 34. Nxd6 Nxa2
35. Nxe4 fxe4 36. Rc5 c6 37. Qb1 b5 38. a5 b4 39. Re5 Qf7 40. a6 Nc3 41. Qe1
Ra8 42. Ra5 Qc4 43. Rc5 Qxa6 44. Bxc3 bxc3 45. Rxc3 Qa2 0-1

[Event "Elit(Manhem-Kamraterna)"]
[Site "?"]
[Date "2010.01.16"]
[Round "6"]
[White "Fendrich, David"]
[Black "Akbarinia, Arash"]
[Result "1-0"]
[WhiteElo "2271"]
[BlackElo "2349"]
[PlyCount "117"]

1. c4 e6 2. g3 d5 3. Bg2 Nf6 4. Nf3 Be7 5. O-O O-O 6. b3 b6 7. Bb2 Bb7 8. e3 c5
9. Nc3 Nc6 10. cxd5 Nxd5 11. Nxd5 exd5 12. d4 c4 13. bxc4 dxc4 14. Ne5 Nxe5 15.
Bxb7 Rb8 16. Be4 Nd7 17. Qa4 Nf6 18. Bf3 Qc7 19. Qb5 Ne8 20. e4 Nd6 21. Qh5 g6
22. Qd5 b5 23. e5 Nf5 24. Qe4 c3 25. Bc1 Qc4 26. Rd1 Bb4 27. d5 c2 28. Rd3 Bc3
29. Qxc4 bxc4 30. Rxc3 Nd4 31. Kg2 Rb1 32. Rxc2 Rxa1 33. Rxc4 Nxf3 34. Kxf3
Rxa2 35. d6 Ra5 36. Ke4 Rb5 37. Bg5 Rb7 38. f4 Rfb8 39. g4 a5 40. f5 Rb4 41.
Kd5 gxf5 42. gxf5 Rxc4 43. Kxc4 a4 44. d7 a3 45. e6 fxe6 46. fxe6 Kg7 47. e7 a2
48. d8=Q a1=Q 49. Qxb8 Qf1+ 50. Kd4 Qd1+ 51. Ke4 Qc2+ 52. Kf3 Qd3+ 53. Kg4 h5+
54. Kh4 Qe4+ 55. Qf4 Qe1+ 56. Qg3 Qe4+ 57. Bf4+ Kh7 58. Qe3 Qf5 59. h3 1-0

[Event "Elit(Manhem-Kamraterna)"]
[Site "?"]
[Date "2010.01.16"]
[Round "6"]
[White "Madebrink, Lars"]
[Black "Liljedahl, Lennart"]
[Result "1/2-1/2"]
[WhiteElo "2262"]
[BlackElo "2234"]
[PlyCount "105"]
[EventDate "2010.??.??"]

1. d4 d5 2. c4 c6 3. Nf3 Nf6 4. Qc2 e6 5. g3 Bd6 6. Bg2 Nbd7 7. O-O O-O 8. Nbd2
Re8 9. b3 Rb8 10. Bb2 b5 11. Ne5 Bxe5 12. dxe5 Ng4 13. cxd5 cxd5 14. Nf3 Bb7
15. Rfc1 Rc8 16. Qd2 a6 17. Rxc8 Qxc8 18. h3 Nh6 19. Ba3 Nb8 20. Nd4 Nc6 21.
Rc1 Qd7 22. Nxc6 Bxc6 23. Qa5 Qb7 24. g4 Rc8 25. Bd6 f5 26. exf6 gxf6 27. Qd2
Nf7 28. Ba3 Bd7 29. Bb2 Rxc1+ 30. Qxc1 e5 31. Qc5 Be6 32. Ba3 Qc8 33. Qxc8+
Bxc8 34. Bxd5 Kg7 35. Be7 Ng5 36. Kg2 Ne6 37. e3 Nc7 38. Be4 Be6 39. Bd8 Nd5
40. Ba5 h6 41. Bd2 b4 42. Bd3 a5 43. Kf1 h5 44. f3 hxg4 45. hxg4 Kf7 46. Ke2
Ke7 47. e4 Nf4+ 48. Bxf4 exf4 49. Bc4 Bd7 50. Kd3 Kd6 51. Kd4 Be8 52. Bd5 Bb5
53. Bc4 1/2-1/2

[Event "Elit(Manhem-Kamraterna)"]
[Site "?"]
[Date "2010.01.16"]
[Round "6"]
[White "Moberg, Karl Johan"]
[Black "Andersson, Michael"]
[Result "1/2-1/2"]
[WhiteElo "2322"]
[BlackElo "2223"]
[PlyCount "56"]
[EventDate "2010.??.??"]

1. d4 d6 2. c4 e5 3. d5 g6 4. e4 a5 5. Nc3 Nd7 6. Bd3 Be7 7. Nf3 Ngf6 8. h3 h5
9. Be3 h4 10. O-O Kf8 11. a3 Kg7 12. b4 b6 13. Qd2 Nh5 14. Rfc1 Bf6 15. Rab1
axb4 16. axb4 Nf4 17. Bxf4 exf4 18. Qxf4 Ne5 19. Nxe5 Bxe5 20. Qd2 Qf6 21. Ne2
g5 22. f4 gxf4 23. Rf1 Ra3 24. Rbd1 Kg8 25. Nxf4 Rh7 26. Rf3 Rg7 27. Kh1 Qg5
28. Qf2 Bd7 1/2-1/2

[Event "Elit(Rockaden,Sthlm-Wasa)"]
[Site "?"]
[Date "2010.01.16"]
[Round "6"]
[White "Wedberg, Tom"]
[Black "Karlsson, Lars"]
[Result "1-0"]
[WhiteElo "2560"]
[BlackElo "2535"]
[PlyCount "78"]
[SourceDate "2010.01.21"]

1. d4 f5 2. g3 Nf6 3. Bg2 e6 4. c4 Bb4+ 5. Bd2 Qe7 6. Qb3 a5 7. a3 Bxd2+ 8.
Nxd2 a4 9. Qd3 d6 10. e4 O-O 11. Ne2 e5 12. O-O g6 13. dxe5 dxe5 14. exf5 Bxf5
15. Ne4 Nxe4 16. Bxe4 Nd7 17. Bxf5 gxf5 18. Qd5+ Kh8 19. Qxb7 Nc5 20. Qf3 Rab8
21. Nc3 Rxb2 22. Nd5 Qg7 23. Rab1 Rxb1 24. Rxb1 Nb3 25. Rd1 c6 26. Nb6 Nd4 27.
Qh5 e4 28. Kh1 f4 29. Nd7 Qxd7 30. Qe5+ Qg7 31. Qxg7+ Kxg7 32. Rxd4 f3 33. Rxe4
Rb8 34. h4 Rb3 35. Re3 h5 36. Re6 Rxa3 37. Rxc6 Ra1+ 38. Kh2 Rf1 39. Ra6 Rxf2+
1-0

[Event "Elit(Rockaden,Sthlm-Wasa)"]
[Site "?"]
[Date "2010.01.16"]
[Round "6"]
[White "Barkhagen, Jonas"]
[Black "Lejlic, Samir"]
[Result "0-1"]
[WhiteElo "2517"]
[BlackElo "2341"]
[PlyCount "55"]

1. d4 d5 2. c4 Bf5 3. cxd5 Bxb1 4. Qa4+ c6 5. Rxb1 Qxd5 6. Nf3 Nd7 7. a3 Ngf6
8. e3 Qe4 9. Ra1 e5 10. Qb3 exd4 11. Ng5 Qd5 12. Qxd5 Nxd5 13. exd4 Be7 14. Bd3
Bf6 15. Ne4 Bxd4 16. Nd6+ Kf8 17. Nxb7 Re8+ 18. Kf1 Rb8 19. Na5 Bxb2 20. Bxb2
Rxb2 21. Nxc6 g6 22. Rb1 Rd2 23. Bc4 N5f6 24. Nxa7 Kg7 25. g3 Ne4 26. f3 Ne5
27. Re1 Nxc4 28. Rxe4 0-1

[Event "Elit(Rockaden,Sthlm-Wasa)"]
[Site "?"]
[Date "2010.01.16"]
[Round "6"]
[White "Astrom, Goran"]
[Black "Bator, Robert"]
[Result "1/2-1/2"]
[WhiteElo "2299"]
[BlackElo "2500"]
[PlyCount "67"]

1. e4 c5 2. Nf3 Nc6 3. d4 cxd4 4. Nxd4 e5 5. Nb5 d6 6. c4 Be7 7. N1c3 a6 8. Na3
Be6 9. Nc2 Bg5 10. Bd3 Bxc1 11. Rxc1 Nge7 12. O-O O-O 13. Qd2 Qb8 14. Rfd1 Qa7
15. Bf1 Rfd8 16. b3 h6 17. h3 Rac8 18. Be2 Ng6 19. Nd5 Kf8 20. a4 a5 21. Bg4
Nge7 22. Nc3 Qb6 23. Nb5 Na7 24. Ne3 Nxb5 25. axb5 Bxg4 26. hxg4 Qc7 27. Ra1 b6
28. b4 axb4 29. Qxb4 Kg8 30. Ra6 Rb8 31. Rda1 Kh7 32. f3 Rd7 33. Rd1 Qd8 34.
Ra3 1/2-1/2

[Event "Elit(Rockaden,Sthlm-Wasa)"]
[Site "?"]
[Date "2010.01.16"]
[Round "6"]
[White "Olsson, Anders"]
[Black "Soderberg, Per"]
[Result "1-0"]
[WhiteElo "2459"]
[BlackElo "2209"]
[PlyCount "105"]

1. e4 c5 2. Nc3 Nc6 3. f4 e6 4. Nf3 d5 5. Bb5 a6 6. Bxc6+ bxc6 7. d3 Nf6 8. O-O
Be7 9. Qe1 O-O 10. Bd2 a5 11. Na4 Qc7 12. c4 Bd7 13. Rc1 Rfb8 14. e5 Ne8 15.
Rc2 g6 16. Be3 d4 17. Bc1 Ng7 18. g4 Rf8 19. g5 Nf5 20. b3 Kg7 21. h4 Rh8 22.
Rh2 h6 23. Rff2 Qa7 24. Nd2 Ne3 25. Ne4 Ng4 26. Ba3 Nxf2 27. Qxf2 h5 28. Bxc5
Bxc5 29. Naxc5 Rhd8 30. Qxd4 Be8 31. Nd6 Kg8 32. Rb2 Rdb8 33. Kf2 Qb6 34. a3
Qa7 35. Ke3 Kf8 36. Rb1 Kg8 37. Nce4 Bd7 38. Nf6+ Kf8 39. c5 Be8 40. Nc4 Qe7
41. Nb6 Ra7 42. Qd6 Rab7 43. Qxc6 Rc7 44. Qd6 Rbb7 45. b4 Ra7 46. c6 Qxd6 47.
exd6 Rxc6 48. d7 Bxd7 49. Nbxd7+ Ke7 50. b5 Rc8 51. Ne5 Kd6 52. Nc4+ Kc5 53.
Ne4+ 1-0

[Event "Elit(Rockaden,Sthlm-Wasa)"]
[Site "?"]
[Date "2010.01.16"]
[Round "6"]
[White "Collett, Peter"]
[Black "Hermansson, Emil"]
[Result "0-1"]
[WhiteElo "2172"]
[BlackElo "2465"]
[PlyCount "66"]

1. d4 Nf6 2. c4 g6 3. Nc3 d5 4. cxd5 Nxd5 5. Bd2 Bg7 6. e4 Nb6 7. Be3 O-O 8. h3
f5 9. exf5 Bxf5 10. Nf3 Nc6 11. Be2 Qd6 12. Qd2 Rad8 13. Rd1 Qb4 14. Nb5 a6 15.
Qxb4 Nxb4 16. Nc3 Be6 17. b3 Nc2+ 18. Kf1 Nxe3+ 19. fxe3 c5 20. dxc5 Bxc3 21.
cxb6 Rxd1+ 22. Bxd1 Ba5 23. Ke2 Bxb6 24. Bc2 Rc8 25. Bd3 Rc3 26. Kd2 Ba5 27.
Ke2 Kg7 28. Rf1 Bb4 29. Nd4 Bd7 30. Nc2 Ba5 31. Rf2 Bb5 32. Ne1 Rc1 33. Rf1
Rxe1+ 0-1

[Event "Elit(Rockaden,Sthlm-Wasa)"]
[Site "?"]
[Date "2010.01.16"]
[Round "6"]
[White "Engqvist, Thomas"]
[Black "Berkell, Peder"]
[Result "1/2-1/2"]
[WhiteElo "2450"]
[BlackElo "2171"]
[PlyCount "79"]

1. c4 g6 2. e4 Bg7 3. d4 d6 4. Nc3 Nf6 5. Nf3 O-O 6. Be2 e5 7. Be3 exd4 8. Nxd4
Re8 9. f3 Nc6 10. O-O Nh5 11. Nxc6 bxc6 12. Qd2 f5 13. Bg5 Bf6 14. Bxf6 Qxf6
15. exf5 Qxf5 16. Ne4 Nf6 17. Bd3 Nxe4 18. Bxe4 Qc5+ 19. Qf2 Qxf2+ 20. Kxf2 Rb8
21. b3 Bd7 22. h4 Re5 23. Rad1 Kg7 24. Rfe1 Rbe8 25. Bc2 Rxe1 26. Rxe1 Rxe1 27.
Kxe1 c5 28. Kd2 Kf6 29. Be4 h6 30. f4 Bf5 31. Bc6 Bb1 32. Kc1 Bd3 33. Kd2 Bb1
34. g4 h5 35. gxh5 gxh5 36. Bf3 Bg6 37. Ke3 Be8 38. Be4 Bg6 39. Bf3 Be8 40. Be4
1/2-1/2

[Event "Elit(Rockaden,Sthlm-Wasa)"]
[Site "?"]
[Date "2010.01.16"]
[Round "6"]
[White "Marchand, Eric"]
[Black "Berowski, Krum"]
[Result "0-1"]
[WhiteElo "2085"]
[BlackElo "2328"]
[PlyCount "74"]

1. d4 Nf6 2. c4 e6 3. Nf3 Bb4+ 4. Nc3 c5 5. e3 d5 6. a3 Bxc3+ 7. bxc3 O-O 8.
cxd5 exd5 9. Be2 Ne4 10. Bd2 c4 11. O-O Nc6 12. Rb1 Na5 13. h3 Nb3 14. Rxb3
cxb3 15. Qxb3 b6 16. Be1 Be6 17. Ne5 Rc8 18. Ba6 Rc7 19. f3 Nd6 20. Bg3 h5 21.
Re1 h4 22. Bf4 Re8 23. a4 g5 24. Bh2 Kg7 25. Kf2 f6 26. Qb4 Bc8 27. Ng4 Bxa6
28. Bxd6 Rc4 29. Qa3 Qd7 30. Ra1 Bb7 31. a5 bxa5 32. Bc5 a4 33. Rb1 Bc8 34. e4
dxe4 35. Ne3 exf3 36. Nxc4 Qf5 37. Bf8+ Kg6 0-1